000 00308nam a22001337a 4500
008 170801b xxu||||| |||| 00| 0 eng d
020 _a9780534384494
041 _aeng
080 _a004
100 _a32
101 _aSHK
245 _aMODERN SOFTWARE DEVELOPMENT USING JAVA
_cTYMANN,P.T
942 _2udc
_cBK
999 _c22391
_d22391